书目信息 |
| 题名: |
《美女与野兽》电影日记
|
|
| 作者: | 科克托, 著 ;王恬 译 | |
| 分册: | ||
| 出版信息: | 上海 华东师范大学出版社 2005 |
|
| 页数: | 195页, [3] 叶图版 | |
| 开本: | 21cm | |
| 丛书名: | 巴黎丛书 | |
| 单 册: | ||
| 中图分类: | J905.565 | |
| 科图分类: | ||
| 主题词: | 电影影片--拍摄--概况--法国 | |
| 电子资源: | ||
| ISBN: | 7-5617-4344-0 | |
| 000 | 01307nam0 2200361 450 | |
| 000 | 01270nam0 2200349 450 | |
| 000 | 01268nam0 2200361 450 | |
| 000 | 01214nam0 2200337 450 | |
| 000 | 01243nam0 2200325 450 | |
| 000 | 01206nam0 2200313 45 | |
| 005 | 20061203160823.45 | |
| 010 | @a7-5617-4344-0@dCNY14.80 | |
| 100 | @a20060829d2008 ekmy0chiy0121 ea | |
| 101 | 1 | @achi |
| 102 | @aCN@b310000 | |
| 105 | @aaf z 000cy | |
| 200 | 1 | @a《美女与野兽》电影日记@A《mei Nv Yu Ye Shou 》dian Ying Ri Ji@f(法) 让·科克托@F( Fa ) Rang· Ke Ke Tuo@d= La belle et la bete@fJean Cocteau@g王恬译@zfre |
| 210 | @a上海@c华东师范大学出版社@d2005 | |
| 215 | @a195页, [3] 叶图版@c图@d21cm | |
| 225 | 2 | @a巴黎丛书@ABa Li Cong Shu@v2 |
| 300 | @a并列题名:La belle et la bete | |
| 306 | @a中法文化年—傅雷出版资助计划—由法国外交部资助出版 | |
| 410 | 0 | @12001 @a巴黎丛书@v2 |
| 410 | 0 | @12001 @a巴黎丛书 |
| 510 | 1 | @aLa belle et la bete@zfre |
| 606 | 0 | @a电影影片@y拍摄@x概况@z法国 |
| 690 | @aJ905.565@v4 | |
| 701 | 1 | @a科克托,@AKe Ke Tuo@g(Cocteau, Jean),@f1889-1963@4著 |
| 702 | 0 | @a王恬@Awang tian@4译 |
| 801 | 0 | @aCN@b中图数据@c20061203 |
| 905 | @a10447@dJ905.565@e162 | |
| 《美女与野兽》电影日记/(法) 让·科克托= La belle et la bete/Jean Cocteau/王恬译.-上海:华东师范大学出版社,2005 |
| 195页, [3] 叶图版:图;21cm.-(巴黎丛书;2) |
| 并列题名:La belle et la bete |
| ISBN 7-5617-4344-0:CNY14.80 |
| ● |
| 相关链接 |
|
|
|
|
正题名:《美女与野兽》电影日记
索取号:J905.565/162
 
预约/预借
| 序号 | 登录号 | 条形码 | 馆藏地/架位号 | 状态 | 备注 |
| 1 | 0608811 | 206088115 | 第一样本阅览室/ [索取号:J905.565/162] | 在馆 | |
| 2 | 0608812 | 206088124 | 第一借阅区/ [索取号:J905.565/162] | 在馆 | |
| 3 | 0608813 | 206088133 | 第一借阅区/ [索取号:J905.565/162] | 在馆 | |
| 4 | 0608814 | 206088142 | 第一借阅区/ [索取号:J905.565/162] | 在馆 | |
| 5 | 0608815 | 206088151 | 第一借阅区/ [索取号:J905.565/162] | 在馆 | |
| 6 | 0608816 | 206088160 | 第一借阅区/ [索取号:J905.565/162] | 在馆 |